MARC

LEADER 00000nam0a2200000 4500
001 309247
005 20231102002154.0
035 |a (RuTPU)RU\TPU\book\334569 
090 |a 309247 
100 |a 20151111d1988 d y0rusy50 ca 
101 0 |a rus 
102 |a RU 
105 |a c z 000ay 
200 1 |a Лазоревый петух моего детства  |e рассказы  |f Р. П. Погодин 
210 |a Москва  |c Советская Россия  |d 1988 
215 |a 464 с.  |c портр. 
606 1 |a Русская литература современная  |2 stltpush  |3 (RuTPU)RU\TPU\subj\26373  |9 50316 
610 1 |a художественная литература 
610 1 |a рассказы 
610 1 |a детство 
610 1 |a автобиографическая проза 
675 |a Р2  |v 4 
700 1 |a Погодин  |b Р. П.  |g Радий Петрович  |4 070 
801 1 |a RU  |b 63413507  |c 20151111 
801 2 |a RU  |b 63413507  |c 20210414  |g RCR 
942 |c BK